[Event "FIDE World Rapid Team"]
[Site "London ENG"]
[Date "2025.06.12"]
[Round "7.3"]
[White "Muetsch, Annmarie"]
[Black "Le, Tuan Minh"]
[Result "0-1"]
[WhiteTitle "WIM"]
[BlackTitle "GM"]
[WhiteElo "2271"]
[BlackElo "2598"]
[WhiteTeam "¡Ållez-Y Initiative!"]
[BlackTeam "Theme International Trading"]
[WhiteFideId "12971367"]
[BlackFideId "12401153"]
[EventDate "2025.06.11"]
[EventType "team"]

1. e4 c5 2. Nf3 Nf6 3. e5 Nd5 4. Nc3 e6 5. Ne4 f5 6. Nc3 Ne7 7. d4 cxd4 8. Qxd4
Nbc6 9. Qe3 a6 10. h4 Qc7 11. h5 Nb4 12. Bd3 b5 13. a3 Ned5 14. Nxd5 Nxd5 15.
Qe2 Bb7 16. Kf1 Be7 17. Bd2 O-O 18. Rh3 Rac8 19. Kg1 Nb6 20. Rg3 Nc4 21. h6 g6
22. Bxc4 Qxc4 23. Qxc4 Rxc4 24. c3 f4 25. Rg4 Bxf3 26. gxf3 g5 27. Kg2 Rf5 28.
Re1 Kf7 29. b4 Kg6 30. Re4 Kxh6 31. Rxc4 bxc4 32. Kf1 Rxe5 0-1

[Event "FIDE World Rapid Team"]
[Site "London ENG"]
[Date "2025.06.12"]
[Round "7.4"]
[White "Siddharth, Jagadeesh"]
[Black "Loftgaard, Mikkel Vinh"]
[Result "0-1"]
[WhiteTitle "GM"]
[BlackTitle "FM"]
[WhiteElo "2461"]
[BlackElo "2243"]
[WhiteTeam "Theme International Trading"]
[BlackTeam "¡Ållez-Y Initiative!"]
[WhiteFideId "5818320"]
[BlackFideId "1468480"]
[EventDate "2025.06.11"]
[EventType "team"]

1. c4 e6 2. g3 Nf6 3. Bg2 d5 4. Nf3 b6 5. cxd5 exd5 6. O-O Be7 7. d3 O-O 8. Nc3
Bb7 9. Nd4 Qc8 10. e4 dxe4 11. dxe4 Rd8 12. Nf5 Bf8 13. Qc2 Nbd7 14. Bf4 Nc5 15.
Be5 Qe6 16. Bxf6 Qxf6 17. Ne3 c6 18. Rfd1 Ne6 19. Rxd8 Rxd8 20. Rd1 Nd4 21. Qa4
Bc5 22. Qxa7 Qe7 23. Nf5 Qc7 24. Qa4 b5 0-1

[Event "FIDE World Rapid Team"]
[Site "London ENG"]
[Date "2025.06.12"]
[Round "7.5"]
[White "Jalving, August"]
[Black "Gong, Qianyun"]
[Result "0-1"]
[WhiteTitle "CM"]
[BlackTitle "WGM"]
[WhiteElo "2306"]
[BlackElo "2228"]
[WhiteTeam "¡Ållez-Y Initiative!"]
[BlackTeam "Theme International Trading"]
[WhiteFideId "1471759"]
[BlackFideId "8602425"]
[EventDate "2025.06.11"]
[EventType "team"]

1. e4 e6 2. d4 d5 3. Nc3 Bb4 4. e5 Ne7 5. a3 Bxc3+ 6. bxc3 c5 7. Qg4 Kf8 8. Bd3
Qa5 9. Bd2 Qa4 10. Nf3 c4 11. Be2 Qxc2 12. O-O Nbc6 13. Bd1 Qf5 14. Qg3 Qd3 15.
Rc1 Qg6 16. Qf4 f5 17. exf6 Qxf6 18. Qc7 Nf5 19. g4 Nh4 20. Qg3 Nxf3+ 21. Bxf3
Kg8 22. Rce1 Bd7 23. g5 Qg6 24. Bg4 Re8 25. h4 h5 26. gxh6 gxh6 27. h5 Qg7 28.
Kh1 Kh7 29. Rg1 Rhg8 30. Qh3 Qf6 31. Re3 Ref8 32. Rf3 Qe7 33. Rxf8 Rxf8 34. Qg3
Qf6 35. Bd1 Ne7 36. Bc2+ Kh8 37. Qd6 Qh4+ 38. Qh2 Qxh2+ 39. Kxh2 Rxf2+ 40. Rg2
Rxg2+ 41. Kxg2 Kg7 42. Bf4 Nc6 43. Kg3 Be8 44. Bd1 Bf7 45. Bd6 Bg8 46. Kf4 Bh7
47. Bg4 Kf7 48. Ke3 Ne7 49. Bf4 Bf5 50. Bd1 Ng8 51. Bb8 a6 52. Kf4 Nf6 53. Bc7
Ne4 54. Ba5 b6 55. Bxb6 Nxc3 56. Bf3 Nb5 57. a4 c3 58. Ba5 c2 59. Bd2 Nxd4 0-1

[Event "FIDE World Rapid Team"]
[Site "London ENG"]
[Date "2025.06.12"]
[Round "7.6"]
[White "Zhang, Changjie"]
[Black "McCallum, Elliot"]
[Result "0-1"]
[WhiteElo "1808"]
[BlackElo "1924"]
[WhiteTeam "Theme International Trading"]
[BlackTeam "¡Ållez-Y Initiative!"]
[WhiteFideId "5801877"]
[BlackFideId "2645718"]
[EventDate "2025.06.11"]
[EventType "team"]

1. e4 c5 2. Nc3 Nc6 3. Bb5 Nd4 4. Nf3 e6 5. O-O a6 6. Be2 Nc6 7. d3 Nge7 8. Be3
d6 9. Qd2 g6 10. Bh6 Bxh6 11. Qxh6 Ng8 12. Qe3 Nf6 13. e5 Ng4 14. Qf4 Ngxe5 15.
Ne4 Nxf3+ 16. Bxf3 Ne5 17. Nf6+ Kf8 18. Qh6+ Ke7 19. Qg5 Nxf3+ 20. gxf3 h6 21.
Nd5+ Ke8 22. Qe3 Kf8 23. Nc3 e5 24. Kh1 Kg7 25. Rg1 Be6 26. Rg3 Qb6 27. b3 Qb4
28. Ne4 Qd4 29. Qxd4 cxd4 30. Nxd6 Bd5 31. Re1 Rad8 32. Nf5+ Kf6 33. Nh4 Rc8 34.
Reg1 Rxc2 35. Nxg6 fxg6 36. Rxg6+ Kf5 37. h4 Rxf2 0-1

[Event "FIDE World Rapid Team"]
[Site "London ENG"]
[Date "2025.06.12"]
[Round "7.1"]
[White "Hong, Andrew"]
[Black "Schneider, Ilja"]
[Result "1-0"]
[WhiteTitle "GM"]
[BlackTitle "IM"]
[WhiteElo "2589"]
[BlackElo "2417"]
[WhiteTeam "FIDE MB Team"]
[BlackTeam "Berlin Chess Federation"]
[WhiteFideId "2099438"]
[BlackFideId "4663306"]
[EventDate "2025.06.11"]
[EventType "team"]

1. e4 e5 2. Nf3 Nc6 3. Bb5 a6 4. Ba4 Bc5 5. O-O Nge7 6. Nxe5 Nxe5 7. d4 b5 8.
Bb3 Bxd4 9. Qxd4 d6 10. f4 c5 11. Qd2 Ng4 12. c4 O-O 13. Nc3 Nc6 14. Qd3 Nd4 15.
Bd1 Re8 16. Qg3 Nf6 17. e5 Nd7 18. Ne4 Nf5 19. Qh3 Nf6 20. Nxf6+ gxf6 21. Bc2
Nd4 22. Qxh7+ Kf8 23. Qh8+ Ke7 24. Qxf6+ Kf8 25. Qh6+ Ke7 26. Be4 Bf5 27. Bxf5 1-0

[Event "FIDE World Rapid Team"]
[Site "London ENG"]
[Date "2025.06.12"]
[Round "7.2"]
[White "Fromm, Marius"]
[Black "Short, Nigel D"]
[Result "1/2-1/2"]
[WhiteTitle "IM"]
[BlackTitle "GM"]
[WhiteElo "2444"]
[BlackElo "2587"]
[WhiteTeam "Berlin Chess Federation"]
[BlackTeam "FIDE MB Team"]
[WhiteFideId "12993190"]
[BlackFideId "400025"]
[EventDate "2025.06.11"]
[EventType "team"]

1. e4 e6 2. d4 d5 3. Nc3 Nf6 4. e5 Nfd7 5. f4 c5 6. Nf3 Nc6 7. Be3 Be7 8. a3 b6
9. Bb5 Qc7 10. Qe2 a6 11. Bxc6 Qxc6 12. O-O O-O 13. Rad1 a5 14. a4 Ba6 15. Nb5
Rac8 16. c3 f5 17. Kh1 Rf7 18. Rg1 Nf8 19. g4 Bxb5 20. axb5 Qe8 21. gxf5 Rxf5
22. Rg4 c4 23. Rdg1 g6 24. Bf2 Qxb5 25. Bh4 Kf7 26. Qf2 Qd7 27. Bf6 Ke8 28. Bg7
Kd8 29. Bxf8 Rxf8 30. h4 Rf5 31. Nh2 Kc7 32. Nf1 Rcf8 33. Ng3 R5f7 34. Qe3 h5
35. Rxg6 Rxf4 36. Rg2 Kb8 37. Nxh5 Rxh4+ 38. Rh2 Qe8 39. Qg3 Rxh2+ 40. Kxh2 Rh8
41. Qg4 Qf7 42. Kg2 Qh7 43. Qxe6 Bd8 44. Rg7 Qe4+ 45. Kg1 Qb1+ 46. Kg2 Qxb2+ 47.
Kg1 Qc1+ 48. Kg2 Qd2+ 49. Kg1 Qe1+ 50. Kg2 Qe4+ 51. Kg1 Qe1+ 52. Kg2 Qe2+ 53.
Kg1 1/2-1/2

[Event "FIDE World Rapid Team"]
[Site "London ENG"]
[Date "2025.06.12"]
[Round "7.3"]
[White "Bologan, Victor"]
[Black "Florstedt, Johannes"]
[Result "1-0"]
[WhiteTitle "GM"]
[BlackTitle "FM"]
[WhiteElo "2601"]
[BlackElo "2391"]
[WhiteTeam "FIDE MB Team"]
[BlackTeam "Berlin Chess Federation"]
[WhiteFideId "13900048"]
[BlackFideId "12922293"]
[EventDate "2025.06.11"]
[EventType "team"]

1. e4 c5 2. d3 Nc6 3. f4 d5 4. Be2 e6 5. Nf3 Bd6 6. c3 Nge7 7. Na3 f6 8. Be3 b6
9. Qd2 O-O 10. g4 Ba6 11. f5 Qd7 12. Nc2 Rad8 13. O-O-O Na5 14. Kb1 Qa4 15. e5
fxe5 16. Bg5 exf5 17. Nxe5 f4 18. Rhf1 Qe8 19. d4 Bxe2 20. Qxe2 h6 21. Bxf4 Ng6
22. Bg3 Rxf1 23. Qxf1 Nxe5 24. dxe5 Bxe5 25. Bh4 g5 26. Bg3 Bxg3 27. hxg3 Qg6
28. Kc1 Nc4 29. Qg2 Kg7 30. Qe2 Re8 31. Qf2 Rf8 32. Qg1 Qe4 33. Re1 Qd3 34. Qg2
Rf3 35. Re7+ Kf8 36. Re1 Rxg3 37. Qh2 Kg7 38. Re7+ Kf6 39. Re1 Kg6 40. Qh5+ Kf6
41. Qxh6+ Kf7 42. Qe6+ Kg7 43. Qe7+ Kh6 44. Qf8+ Kh7 45. Re7+ 1-0

[Event "FIDE World Rapid Team"]
[Site "London ENG"]
[Date "2025.06.12"]
[Round "7.4"]
[White "Schulze, Lara"]
[Black "Al-Mudahka, Mohd"]
[Result "0-1"]
[WhiteTitle "FM"]
[BlackTitle "GM"]
[WhiteElo "2317"]
[BlackElo "2542"]
[WhiteTeam "Berlin Chess Federation"]
[BlackTeam "FIDE MB Team"]
[WhiteFideId "12956830"]
[BlackFideId "12100030"]
[EventDate "2025.06.11"]
[EventType "team"]

1. e4 c5 2. Nf3 g6 3. Bc4 Bg7 4. O-O Nc6 5. c3 e6 6. d4 cxd4 7. Nxd4 d5 8. exd5
exd5 9. Bb5 Ne7 10. Bg5 f6 11. Bf4 O-O 12. Na3 Nxd4 13. Qxd4 g5 14. Bg3 Ng6 15.
Qc5 Be6 16. Rfe1 Bf7 17. Bd6 a6 18. Bf1 b6 19. Qc7 Rc8 20. Qxd8 Rfxd8 21. Bg3 f5
22. f3 d4 23. Nb1 b5 24. Bf2 dxc3 25. Nxc3 Rd2 26. Re2 Rxe2 27. Bxe2 Nf4 28. Bf1
b4 29. Nd1 a5 30. g3 Ng6 31. Bd3 Be6 32. Be3 Ne5 33. Be2 Rc2 34. Kf1 h6 35. a3
b3 36. Bd4 Bc4 37. Bxc4+ Nxc4 38. Bxg7 Kxg7 39. Rb1 Nd2+ 0-1

[Event "FIDE World Rapid Team"]
[Site "London ENG"]
[Date "2025.06.12"]
[Round "7.5"]
[White "Stoisavljevic, Sava"]
[Black "Rath, Alina"]
[Result "0-1"]
[WhiteTitle "WFM"]
[BlackTitle "CM"]
[WhiteElo "2125"]
[BlackElo "2019"]
[WhiteTeam "FIDE MB Team"]
[BlackTeam "Berlin Chess Federation"]
[WhiteFideId "913545"]
[BlackFideId "24607886"]
[EventDate "2025.06.11"]
[EventType "team"]

1. d4 d5 2. Nf3 e6 3. c4 c5 4. e3 Nf6 5. Nc3 Nc6 6. dxc5 Bxc5 7. Be2 O-O 8. O-O
a6 9. a3 dxc4 10. Bxc4 b5 11. Ba2 Bb7 12. b4 Bd6 13. Bb2 Qc7 14. Rc1 Rfd8 15.
Qe2 Rac8 16. h3 Qb8 17. Rfd1 Ne5 18. Nxe5 Bxe5 19. Rxd8+ Rxd8 20. Rd1 Rc8 21.
Nb1 Ne4 22. Bxe5 Qxe5 23. f3 Nc3 24. Nxc3 Qxc3 25. Qd3 g6 26. Kh2 Qe5+ 27. Kh1
Rc3 28. Qd7 Bc6 29. Qc8+ Kg7 30. Qxa6 Qxe3 31. Bb1 Bxf3 32. Rg1 Bxg2+ 33. Rxg2
Qxh3+ 34. Kg1 Rc1+ 35. Kf2 Rxb1 36. Qc6 Rb2+ 37. Kg1 Qe3+ 38. Kh2 Qf4+ 39. Kg1
Rb1+ 0-1

[Event "FIDE World Rapid Team"]
[Site "London ENG"]
[Date "2025.06.12"]
[Round "7.6"]
[White "Ziems, Michael"]
[Black "Zaiarski, Stepan"]
[Result "0-1"]
[WhiteElo "1904"]
[BlackElo "1932"]
[WhiteTeam "Berlin Chess Federation"]
[BlackTeam "FIDE MB Team"]
[WhiteFideId "24678490"]
[BlackFideId "13907000"]
[EventDate "2025.06.11"]
[EventType "team"]

1. d4 Nf6 2. c4 e6 3. Nc3 Bb4 4. Bf4 c5 5. e3 cxd4 6. exd4 O-O 7. Nf3 d5 8. a3
Bd6 9. Bg5 dxc4 10. Bxc4 b6 11. O-O Ba6 12. Bxa6 Nxa6 13. Qe2 Nc7 14. Rfd1 h6
15. Bh4 Be7 16. Rac1 Rc8 17. Ne5 Ncd5 18. Nxd5 Qxd5 19. Rxc8 Rxc8 20. h3 Rc7 21.
Bg3 Bd6 22. Qd3 Nd7 23. Nxd7 Rxd7 24. Bxd6 Rxd6 25. Rc1 g6 26. Rc8+ Kg7 27. Rc7
a5 28. Qa6 Qxd4 29. Qa7 Qf4 30. g3 Qf3 31. Rc1 Rd1+ 32. Rxd1 Qxd1+ 33. Kg2 Qb3
34. Qe7 Qxb2 35. h4 h5 36. Kg1 b5 37. Qc5 b4 38. axb4 axb4 39. g4 Qc3 40. Qg5 b3
41. gxh5 b2 42. h6+ Kh7 43. h5 Qc1+ 0-1

[Event "FIDE World Rapid Team"]
[Site "London ENG"]
[Date "2025.06.12"]
[Round "7.1"]
[White "Gan-Erdene, Sugar"]
[Black "Harvey, Marcus R"]
[Result "0-1"]
[WhiteTitle "IM"]
[BlackTitle "IM"]
[WhiteElo "2454"]
[BlackElo "2445"]
[WhiteTeam "Mongolia-B"]
[BlackTeam "Wood Green"]
[WhiteFideId "4902980"]
[BlackFideId "400092"]
[EventDate "2025.06.11"]
[EventType "team"]

1. e4 c6 2. d4 d5 3. e5 Bf5 4. Nd2 e6 5. Nb3 a6 6. Nf3 c5 7. dxc5 Bxc5 8. Nxc5
Qa5+ 9. c3 Qxc5 10. Nd4 Ne7 11. Qa4+ Nbc6 12. Be3 Qa5 13. Qxa5 Nxa5 14. Nxf5
Nxf5 15. Bb6 Nc4 16. Bxc4 dxc4 17. O-O-O Ne7 18. Rd6 Nd5 19. Rd1 Rc8 20. f4 h5
21. f5 Rh6 22. Bf2 Rd8 23. Rxd8+ Kxd8 24. b3 Kc8 25. Kc2 cxb3+ 26. axb3 Rh8 27.
c4 Nb4+ 28. Kc3 Nc6 29. fxe6 fxe6 30. Rd6 Re8 31. Bd4 Rd8 32. c5 Na7 33. Kc4 Nb5
34. Rxd8+ Kxd8 35. Be3 Kd7 36. Bd2 Kc6 37. g3 Kd7 38. h3 Na7 39. b4 Nb5 40. Bg5
Nc7 41. Bc1 Kc6 42. Bd2 Nd5 43. Bg5 b6 44. Bd2 bxc5 45. bxc5 Ne7 46. Be1 Ng6 47.
Bc3 Nf8 48. Bd4 Nd7 49. Kb4 Kd5 50. Bf2 Nxe5 51. Ka5 Nd3 52. Be3 Nxc5 53. Kb6
Ne4 54. g4 hxg4 55. hxg4 Nf6 56. g5 Nd7+ 57. Kxa6 g6 58. Kb7 Ke4 59. Bd2 Kf5 60.
Kc7 Ne5 0-1

[Event "FIDE World Rapid Team"]
[Site "London ENG"]
[Date "2025.06.12"]
[Round "7.2"]
[White "Wadsworth, Matthew J"]
[Black "Bilguun, Sumiya"]
[Result "1/2-1/2"]
[WhiteTitle "IM"]
[BlackTitle "GM"]
[WhiteElo "2481"]
[BlackElo "2451"]
[WhiteTeam "Wood Green"]
[BlackTeam "Mongolia-B"]
[WhiteFideId "415804"]
[BlackFideId "4901541"]
[EventDate "2025.06.11"]
[EventType "team"]

1. c4 c5 2. g3 g6 3. Bg2 Bg7 4. Nc3 Nc6 5. Nf3 d6 6. O-O e5 7. d3 Nge7 8. a3 a5
9. Rb1 O-O 10. Ne1 Be6 11. Bg5 f6 12. Be3 Bf7 13. Nc2 a4 14. b3 axb3 15. Rxb3 b6
16. Qb1 Ra6 17. Bd2 h6 18. Ne3 Nd4 19. Rb2 Rxa3 20. Re1 f5 21. Ned5 Nxd5 22.
Nxd5 f4 23. Rxb6 f3 24. exf3 Bxd5 25. cxd5 e4 26. fxe4 Ra1 27. Qxa1 Nf3+ 28.
Bxf3 Bxa1 29. Reb1 Qf6 30. Bf4 Be5 31. Bxe5 Qxe5 32. Rb8 h5 33. h4 Qd4 34. Rxf8+
Kxf8 35. Be2 c4 36. dxc4 Qxe4 37. Rb8+ Kg7 38. Bf1 Kf6 39. Rb6 Ke5 40. c5 Qxd5
41. cxd6 Qd4 42. Ra6 Qd1 43. Ra3 Qxd6 44. Ra5+ Kd4 45. Ra4+ Kc3 46. Re4 Kd2 47.
Re3 Qf6 48. Rd3+ Ke1 49. Re3+ Kd2 1/2-1/2

[Event "FIDE World Rapid Team"]
[Site "London ENG"]
[Date "2025.06.12"]
[Round "7.3"]
[White "Batkhuyag, Munguntuul"]
[Black "Czopor, Maciej"]
[Result "1-0"]
[WhiteTitle "IM"]
[BlackTitle "IM"]
[WhiteElo "2356"]
[BlackElo "2423"]
[WhiteTeam "Mongolia-B"]
[BlackTeam "Wood Green"]
[WhiteFideId "4900758"]
[BlackFideId "21805431"]
[EventDate "2025.06.11"]
[EventType "team"]

1. e4 c5 2. Nf3 e6 3. d4 cxd4 4. Nxd4 Nf6 5. Nc3 Nc6 6. Ndb5 Bc5 7. Nd6+ Ke7 8.
Bf4 e5 9. Nf5+ Kf8 10. Bg5 d6 11. Bd3 h6 12. Bxf6 Qxf6 13. Nd5 Qg5 14. O-O g6
15. Nfe3 Kg7 16. c3 Be6 17. Bc2 Rhd8 18. Qd3 Rac8 19. Rad1 h5 20. Kh1 h4 21. h3
a6 22. b4 Bxe3 23. fxe3 Ne7 24. Bb3 Bxd5 25. Bxd5 Nxd5 26. Qxd5 Rd7 27. c4 b6
28. Rf3 Rcc7 29. Rdf1 Qd8 30. a4 Qb8 31. c5 bxc5 32. bxc5 dxc5 33. Qxe5+ Kg8 34.
Qf6 c4 35. e5 Qe8 36. Rf4 Qe7 37. Qxa6 c3 38. e6 Qxe6 39. Qa8+ Kg7 40. Rxh4 Rd8 1-0

[Event "FIDE World Rapid Team"]
[Site "London ENG"]
[Date "2025.06.12"]
[Round "7.4"]
[White "Willow, Jonah B"]
[Black "Mungunzul, Bat-Erdene"]
[Result "1/2-1/2"]
[WhiteTitle "IM"]
[BlackTitle "WCM"]
[WhiteElo "2470"]
[BlackElo "2337"]
[WhiteTeam "Wood Green"]
[BlackTeam "Mongolia-B"]
[WhiteFideId "438804"]
[BlackFideId "4902831"]
[EventDate "2025.06.11"]
[EventType "team"]

1. e4 e5 2. Nf3 Nc6 3. Bb5 a6 4. Ba4 Nf6 5. O-O Be7 6. Bxc6 dxc6 7. d3 Nd7 8.
Be3 O-O 9. Nbd2 f6 10. Nh4 Nc5 11. Nf5 Bxf5 12. exf5 Qd7 13. Qf3 Rfd8 14. Bxc5
Bxc5 15. Ne4 Bf8 16. Kh1 c5 17. g4 h6 18. h4 Be7 19. Rg1 Rf8 20. a4 Rad8 21. a5
Rf7 22. b3 Kf8 23. Ra4 Qd5 24. Qe3 Qc6 25. Kh2 Rd4 26. Raa1 Ke8 27. Qf3 Kd8 28.
Rge1 Kc8 29. Kh3 Rf8 30. Kg3 Kb8 31. Nd2 Qb5 32. Nc4 Qb4 33. Re2 Rfd8 34. Rae1
Qc3 35. Qh1 Bd6 36. Kh3 Rf4 37. Ne3 Qxa5 38. Ra1 Qb5 39. Nd5 Rd4 40. Nc3 Qd7 41.
Ne4 Be7 42. Qf3 Ka7 43. Ree1 Qc6 44. Ra2 Rg8 45. h5 Ra8 46. Rea1 Kb8 47. Kg3 Kc8
48. Ra5 Kd8 49. Nxc5 Qxf3+ 50. Kxf3 Bxc5 51. Rxc5 1/2-1/2

[Event "FIDE World Rapid Team"]
[Site "London ENG"]
[Date "2025.06.12"]
[Round "7.5"]
[White "Sodbilegt, Naranbold"]
[Black "Kueh, Audrey"]
[Result "1-0"]
[WhiteTitle "FM"]
[BlackTitle "WFM"]
[WhiteElo "2363"]
[BlackElo "2054"]
[WhiteTeam "Mongolia-B"]
[BlackTeam "Wood Green"]
[WhiteFideId "4903528"]
[BlackFideId "421596"]
[EventDate "2025.06.11"]
[EventType "team"]

1. d4 Nf6 2. c4 e6 3. Nc3 d5 4. cxd5 Nxd5 5. e4 Nxc3 6. bxc3 c5 7. Nf3 cxd4 8.
cxd4 Bb4+ 9. Bd2 Bxd2+ 10. Qxd2 O-O 11. Bc4 Nd7 12. O-O b6 13. Rad1 Nf6 14. Rfe1
Bb7 15. d5 exd5 16. exd5 Rc8 17. Bb3 Rc5 18. d6 Ne4 19. Qf4 Ng5 20. Nxg5 Rxg5
21. f3 Rg6 22. d7 Rf6 23. Qb4 a5 24. Qe7 Bc6 25. Qxd8 Rxd8 26. Re8+ Rxe8 27.
d8=Q 1-0

[Event "FIDE World Rapid Team"]
[Site "London ENG"]
[Date "2025.06.12"]
[Round "7.6"]
[White "Barwick, Carmel"]
[Black "Enkhbayar, Genden"]
[Result "1-0"]
[WhiteElo "1915"]
[BlackElo "1837"]
[WhiteTeam "Wood Green"]
[BlackTeam "Mongolia-B"]
[WhiteFideId "442925"]
[BlackFideId "4928415"]
[EventDate "2025.06.11"]
[EventType "team"]

1. Nf3 Nf6 2. b3 e6 3. Bb2 d5 4. g3 Be7 5. Bg2 c5 6. O-O Nc6 7. d3 O-O 8. Nbd2
Re8 9. e4 Qc7 10. Re1 b6 11. exd5 Nxd5 12. Ne4 Bf8 13. a3 Bb7 14. Rc1 Rad8 15.
Qe2 h6 16. Ned2 Be7 17. Ne4 Bf8 18. Rcd1 Nde7 19. Ned2 Nf5 20. Nc4 Ncd4 21. Nxd4
Nxd4 22. Bxd4 Rxd4 23. Bxb7 Qxb7 24. a4 f6 25. Qh5 Rd5 26. Qxe8 e5 27. Qg6 a6
28. Ne3 Rd7 29. Qe4 Qc8 30. Nc4 Rd4 31. Qf3 b5 32. axb5 axb5 33. Ne3 Qd8 34. Ra1
c4 35. Nf5 Rd7 36. bxc4 bxc4 37. dxc4 Qc7 38. Qg4 Kh7 39. Nh4 g5 40. Qf5+ Kg8
41. Qe6+ Rf7 42. Nf5 Kh7 43. Red1 Kg6 44. Ne3 Bc5 45. Qf5+ Kg7 46. Nd5 Bd4 47.
Nxc7 Kf8 1-0

[Event "FIDE World Rapid Team"]
[Site "London ENG"]
[Date "2025.06.12"]
[Round "7.1"]
[White "Ghasi, Ameet K"]
[Black "Fernandez, Daniel Howard"]
[Result "1/2-1/2"]
[WhiteTitle "GM"]
[BlackTitle "GM"]
[WhiteElo "2513"]
[BlackElo "2484"]
[WhiteTeam "Sharks 4NCL"]
[BlackTeam "English Knightmares"]
[WhiteFideId "409200"]
[BlackFideId "5801605"]
[EventDate "2025.06.11"]
[EventType "team"]

1. Nf3 Nf6 2. g3 d5 3. Bg2 c6 4. O-O Bg4 5. d3 Nbd7 6. c4 e6 7. cxd5 exd5 8. Qb3
Qb6 9. Qc2 h5 10. Nc3 Bxf3 11. exf3 h4 12. Re1+ Kd8 13. Bg5 hxg3 14. hxg3 Bd6
15. Na4 Qc7 16. f4 Kc8 17. d4 b5 18. Nc5 Nxc5 19. dxc5 Be7 20. a4 b4 21. Qe2 Bd8
22. f5 a5 23. Rad1 Qd7 24. Qd3 Kb7 25. Bf3 Bc7 26. Kg2 Rae8 27. b3 Ka7 28. Be3
Re5 1/2-1/2

[Event "FIDE World Rapid Team"]
[Site "London ENG"]
[Date "2025.06.12"]
[Round "7.2"]
[White "Badacsonyi, Stanley"]
[Black "Roberson, Peter T"]
[Result "1/2-1/2"]
[WhiteTitle "FM"]
[BlackTitle "IM"]
[WhiteElo "2300"]
[BlackElo "2433"]
[WhiteTeam "English Knightmares"]
[BlackTeam "Sharks 4NCL"]
[WhiteFideId "486973"]
[BlackFideId "412384"]
[EventDate "2025.06.11"]
[EventType "team"]

1. d4 e6 2. c4 Nf6 3. Nc3 Bb4 4. e3 O-O 5. Bd3 c5 6. Nf3 b6 7. O-O Bb7 8. dxc5
Bxc5 9. a3 Be7 10. b3 d6 11. Bb2 Nbd7 12. Qe2 Nc5 13. Bc2 Rc8 14. e4 a6 15. Rad1
Qc7 16. Rfe1 Rfd8 17. h3 Qb8 18. Nh2 Bf8 19. Ng4 Nxg4 20. Qxg4 b5 21. b4 Nd7 22.
cxb5 Ne5 23. Qe2 Nc4 24. Bd3 axb5 25. Nxb5 Nxb2 26. Qxb2 g6 27. a4 Bg7 28. Qe2
Ba6 29. Rb1 Rc6 30. Nd4 Bxd4 31. Bxa6 Rc3 32. Red1 Qa7 33. Bb5 Rdc8 34. Rb2 e5
35. Rbd2 1/2-1/2

[Event "FIDE World Rapid Team"]
[Site "London ENG"]
[Date "2025.06.12"]
[Round "7.3"]
[White "Rendle, Thomas E"]
[Black "Banerjee, Supratit"]
[Result "1/2-1/2"]
[WhiteTitle "IM"]
[BlackTitle "FM"]
[WhiteElo "2370"]
[BlackElo "2311"]
[WhiteTeam "Sharks 4NCL"]
[BlackTeam "English Knightmares"]
[WhiteFideId "408760"]
[BlackFideId "2410079"]
[EventDate "2025.06.11"]
[EventType "team"]

1. d4 Nf6 2. c4 g6 3. g3 Bg7 4. Bg2 O-O 5. Nc3 d6 6. Nf3 Nc6 7. O-O e5 8. dxe5
dxe5 9. Bg5 h6 10. Qxd8 Rxd8 11. Bxf6 Bxf6 12. Nd5 Kg7 13. Nxc7 Rb8 14. e4 Be7
15. Nd5 Bc5 16. Rfe1 Be6 17. Rac1 a5 18. h3 Rbc8 19. b3 Ra8 20. Nc7 Rac8 21.
Nxe6+ fxe6 22. Red1 Kf6 23. Bf1 Nd4 1/2-1/2

[Event "FIDE World Rapid Team"]
[Site "London ENG"]
[Date "2025.06.12"]
[Round "7.4"]
[White "Badacsonyi, Frankie"]
[Black "Moreby, James"]
[Result "1/2-1/2"]
[WhiteTitle "FM"]
[BlackTitle "FM"]
[WhiteElo "2189"]
[BlackElo "2320"]
[WhiteTeam "English Knightmares"]
[BlackTeam "Sharks 4NCL"]
[WhiteFideId "460400"]
[BlackFideId "427756"]
[EventDate "2025.06.11"]
[EventType "team"]

1. Nf3 Nf6 2. c4 e6 3. Nc3 d5 4. d4 c6 5. cxd5 exd5 6. Bg5 Nbd7 7. e3 Be7 8. Bd3
O-O 9. O-O Re8 10. Qc2 h6 11. Bh4 Ne4 12. Bxe7 Qxe7 13. Bxe4 dxe4 14. Nd2 Nf6
15. Na4 Bf5 16. Qc5 Qe6 17. Qc4 Nd5 18. Nc3 Rad8 19. Ne2 Bg6 20. Nb3 Qg4 21. h3
Qg5 22. Nc5 Re7 23. Kh2 h5 24. Nc3 h4 25. Qe2 f5 26. Nxd5 Rxd5 27. Rac1 Bh5 28.
Qd2 Rd6 29. Rg1 Qf6 30. Nb3 Bf7 31. g3 hxg3+ 32. fxg3 Qg5 33. Qf2 Rh6 34. Rc5
Qh5 35. h4 Be6 36. Re5 b6 37. d5 cxd5 38. Nd4 Rf6 39. Rf1 g6 40. Nxe6 Rexe6 41.
Rxd5 Rd6 42. Rxd6 Rxd6 43. Qf4 Qe2+ 44. Rf2 Qd1 45. Qe5 Kf7 46. Qxe4 Qe1 47.
Qc4+ Ke7 48. Qe2 Qb1 49. Qc2 Qxa2 50. Rd2 Rxd2+ 1/2-1/2

[Event "FIDE World Rapid Team"]
[Site "London ENG"]
[Date "2025.06.12"]
[Round "7.5"]
[White "Hryshchenko, Kamila"]
[Black "Hng, Mei-En Emmanuelle"]
[Result "0-1"]
[WhiteTitle "WFM"]
[BlackTitle "WFM"]
[WhiteElo "2097"]
[BlackElo "2136"]
[WhiteTeam "Sharks 4NCL"]
[BlackTeam "English Knightmares"]
[WhiteFideId "14147491"]
[BlackFideId "5804566"]
[EventDate "2025.06.11"]
[EventType "team"]

1. e4 d6 2. d4 Nf6 3. Nc3 g6 4. f3 Bg7 5. Be3 c6 6. Qd2 b5 7. g4 h5 8. g5 Nfd7
9. h4 Nb6 10. Bd3 N8d7 11. f4 b4 12. Nce2 c5 13. c3 Bb7 14. cxb4 cxb4 15. Qxb4
O-O 16. Nf3 Rb8 17. O-O Ba8 18. Qd2 d5 19. e5 Nc4 20. Bxc4 dxc4 21. f5 Re8 22.
Nf4 Be4 23. f6 exf6 24. gxf6 Nxf6 25. exf6 Bxf6 26. Rad1 Qd7 27. Qg2 Qg4 28.
Qxg4 hxg4 29. Nd2 Bc2 30. Nxc4 Bxd1 31. Rxd1 Bxh4 32. d5 Rb4 33. b3 Rxe3 34.
Nxe3 Rxf4 35. d6 Bf2+ 36. Kg2 Bxe3 37. d7 Bb6 38. d8=Q+ Bxd8 39. Rxd8+ Kg7 40.
Ra8 f5 41. Rxa7+ Kf6 42. Ra5 Rf3 43. Rb5 Rc3 44. a4 f4 45. a5 Rc2+ 46. Kg1 g3
47. Rb4 Kf5 48. a6 f3 49. Rc4 Ra2 50. Ra4 Rg2+ 51. Kf1 Rh2 52. Ke1 f2+ 53. Ke2
Rh1 54. a7 f1=Q+ 55. Kd2 Qc1+ 56. Kd3 Rd1+ 57. Ke2 Qd2+ 58. Kf3 Qf2# 0-1